Parks and Recreation TV Show - Who said these 20 Quotes? - Statistics

General Stats
  • This quiz has been taken 56 times
  • The average score is 14 of 20
Answer Stats
Quote Name % Correct
"Fleetwood Mac Sex Pants. New band name. I call it" Andy
98%
"My mom's Puerto Rican. That's why I'm so lively and colorful" April
98%
"Thank God, my grandfather just died, so I am a-flush with cash" Jean-Ralphio
86%
"Those were distraction waffles? I thought they were friendship waffles" Leslie
84%
"I once worked with a guy for three years and never learned his name. Best friend I ever had" Ron
84%
"Scientists believe that the first human being who will live 150 years has already been born. I believe I am that human" Chris
82%
"Ginuwine's my cousin" Donna
76%
"I got seven letters in my file. Pretty much every guy in city planning has a bunch of letters" Mark
76%
"Okay, great. Thank you. Well, uh... Calc-you-later" Ben
74%
"Not loving '90s R&B music is number three on the "oh-no-nos" list" Tom
70%
"I'm a middle school vice-principal. I deal with hormonal psychopaths all the time" Diane
66%
"Leslie, you can't vote for yourself, I don't think. I'm pretty sure that's illegal" Bobby
62%
"This trip, it is the one time of year I get to pee standing up" Jerry
62%
"The story of this story is that it won't stop developing" Perd
62%
"I'm going to drop my liquids in here, take my solids down the hall. Deal?" Jeremy
60%
"Oh, God. This is so high school. Just rent a limo, ask her to the prom. I'm sure she'll say yes" Ann
58%
"I also don't like what you're saying. So if you say no, I will start a fire in the bathroom" Mona-Lisa
56%
"I want to be a Spanish man named Terrence, but that didn't happen" Craig
44%
"If we had a boy, I don't know, I'd name him something funny, like "Dick" or "O.J." The Douche
34%
"You could either be a Cleopatra or you could be an Eleanor Roosevelt. I'd rather be Cleopatra" Tammy
32%
No matching quizzes found
Score Distribution
Percent of People with Each Score
Percentile by Number Answered
Your Score History
You have not taken this quiz